Introduction to information technology / (Record no. 15490)
[ view plain ]
| 000 -LEADER | |
|---|---|
| fixed length control field | 01284cam a22003374a 4500 |
| 001 - CONTROL NUMBER | |
| control field | 11956559 |
| 003 - CONTROL NUMBER IDENTIFIER | |
| control field | OSt |
| 005 - DATE AND TIME OF LATEST TRANSACTION | |
| control field | 20140310182734.0 |
| 008 - FIXED-LENGTH DATA ELEMENTS--GENERAL INFORMATION | |
| fixed length control field | 000328s2001 nyua 001 0 eng |
| 010 ## - LIBRARY OF CONGRESS CONTROL NUMBER | |
| LC control number | 00036661 |
| 020 ## - INTERNATIONAL STANDARD BOOK NUMBER | |
| International Standard Book Number | 9971513218 |
| 040 ## - CATALOGING SOURCE | |
| Original cataloging agency | DLC |
| Transcribing agency | DLC |
| Modifying agency | DLC |
| 042 ## - AUTHENTICATION CODE | |
| Authentication code | pcc |
| 050 00 - LIBRARY OF CONGRESS CALL NUMBER | |
| Classification number | T 58.5 |
| Item number | .T87 2001 |
| 100 1# - MAIN ENTRY--PERSONAL NAME | |
| Personal name | Turban, Efraim. |
| 245 10 - TITLE STATEMENT | |
| Title | Introduction to information technology / |
| Statement of responsibility, etc | Efraim Turban, R. Kelly Rainer, Jr., Richard E. Potter. |
| 260 ## - PUBLICATION, DISTRIBUTION, ETC. (IMPRINT) | |
| Place of publication, distribution, etc | New York : |
| Name of publisher, distributor, etc | John Wiley, |
| Date of publication, distribution, etc | 2001. |
| 300 ## - PHYSICAL DESCRIPTION | |
| Extent | 628 p. : |
| Other physical details | col. ill. ; |
| Dimensions | 27 cm. |
| 521 ## - TARGET AUDIENCE NOTE | |
| Target audience note | |
| 562 ## - COPY AND VERSION IDENTIFICATION NOTE | |
| Number of copies | for circulation. 1 copy available in the collection |
| 650 #0 - SUBJECT ADDED ENTRY--TOPICAL TERM | |
| Topical term or geographic name as entry element | Information technology. |
| 650 #0 - SUBJECT ADDED ENTRY--TOPICAL TERM | |
| Topical term or geographic name as entry element | Management information systems. |
| 700 1# - ADDED ENTRY--PERSONAL NAME | |
| Personal name | Rainer, R. Kelly |
| Fuller form of name | (Rex Kelly) |
| 700 1# - ADDED ENTRY--PERSONAL NAME | |
| Personal name | Potter, Richard E. |
| 856 4# - ELECTRONIC LOCATION AND ACCESS | |
| Materials specified | Table of Contents |
| Uniform Resource Identifier | <a href="http://www.loc.gov/catdir/toc/onix05/00036661.html">http://www.loc.gov/catdir/toc/onix05/00036661.html</a> |
| 856 42 - ELECTRONIC LOCATION AND ACCESS | |
| Materials specified | Publisher description |
| Uniform Resource Identifier | <a href="http://www.loc.gov/catdir/enhancements/fy0706/00036661-d.html">http://www.loc.gov/catdir/enhancements/fy0706/00036661-d.html</a> |
| 906 ## - LOCAL DATA ELEMENT F, LDF (RLIN) | |
| a | 7 |
| b | cbc |
| c | orignew |
| d | 1 |
| e | ocip |
| f | 20 |
| g | y-gencatlg |
| 942 ## - ADDED ENTRY ELEMENTS (KOHA) | |
| Source of classification or shelving scheme | Library of Congress Classification |
| Koha item type | Books |
| Call number prefix | Foreign |
| Withdrawn status | Lost status | Source of classification or shelving scheme | Damaged status | Home library | Current library | Shelving location | Date acquired | Source of acquisition | Cost, normal purchase price | Total Checkouts | Full call number | Barcode | Date last seen | Copy number | Price effective from | Koha item type |
|---|---|---|---|---|---|---|---|---|---|---|---|---|---|---|---|---|
| Library of Congress Classification | College Library | College Library | General Circulation Section | 08/21/2002 | 549.00 | T 58.5 .T87 2001 | C0392 | 05/15/2018 | 1 | 10/10/2013 | Books |